000 01106nam0a22003131 4500
001 v19\rc\1896400
005 20260406064142.0
035 _a(NLR Aleph) 005264448
090 _a5934756
_c5934756
100 _a20080221d1911 |||y0rusy50 ca
101 1 _arus
_cfre
102 _aRU
105 _ay z |||a|
200 1 _aТри рассказа
_fАльфонс Додэ
205 _a3-е изд.
210 _aМосква
_cД.П. Ефимов
_d1911
215 _a28 с.
_d19
327 0 _aСодержание: В крепости Монруж; В клинике д-ра Шарко; Урок
464 0 _12001#$aВ крепости Монруж$aВ клинике доктора Шарко$aУрок
_tУрок
532 1 3 _aТри рассказа
700 1 _8rus
_7ca
_aДоде
_bА.
_f1840-1897
_gАльфонс
_3RU\NLR\AUTH\7723718
_96771
801 2 _aRU
_bNLR
_c20090702
_2rusmarc
801 0 _aRU
_bNLR
_c20080221
_gpsbo
801 0 _aRU
_bRuMoRGB
_c20080221
_2psbo
801 1 _aRU
_bProSoft-M
_c20080221
_2rusmarc
852 _aNLR
_j37.44.10.509
942 _cBOOK
980 _aNB